1610 1865 1716 1353 1129 1181 1302 1880 1411 1843 1966 1206 1110 1457 1980 1082 1719 1115 1727 1340 1894 1547 1811 1947 1757 1202 1982 1503 1394 1118 1990 1964 1147 1141 1548 1730 1004 1637 1703 1036 1371 1183 1646 1445 1645 1413 1764 1342 1456 1786 1966 1444 1792 1785 1664 1956 1058 1388 1824 1745 1396 1103 1535 1070 1930 1994 1371 1866 1519 1659 1470 1217 1753 1234 1437 1046 1137 1993 1596 1663 1920 1421 1094 1454 1936 1796 1727 1936 1617 1056 1148 1888 1253 1957 1944 1374 1276 1153 1081 BCNSPRNW ULIB Ver.6.0+V

เปลี่ยนเป็นภาษาไทย

Change to English
 แสดงรายละเอียดบรรณานุกรม
  กลับหน้าหลัก

Brief Record : Get Marc (ISO 2709) : E-mail record : QR code < ปิดหน้าต่าง
LEADER : 00000nam 2200000uu 4500
001    13399113668
003     ULIB
008    111214s2553||||th 000 0 tha d
024    9789747808483
060  4 WM140^bธ343ท
100 0  ธิติพันธ์ ธานีรัตน์
245 00 ทฤษฎีพื้นฐานเกี่ยวกับบุคลิกภาพผิดปกติในทางจิตเวช/^cธิติพันธ์ ธานีรัตน์
260    กรุงเทพฯ :^bร้านพุ่มทอง,^c2553
300    136 หน้า:^bภาพประกอบ,^c 21 ซม.
650  7 บุคลิกภาพ^xความผิดปกติ
945    ^p275^l0^i030804
945    ^p275^l0^i030805
945    ^p275^l0^i030806
995    เกษร
999 ^a ใช้งานได้ทุกระบบ
รายการนี้ยังไม่มีแท็ก
คุณยังไม่ได้ล็อกอิน คุณสามารถมีกิจกรรมร่วมกับเว็บไซต์ได้ แต่ต้องล็อกอินก่อน ::
  ล็อกอิน

รายการสื่อสารสนเทศ

ลำดับที่ ประเภท เลขเรียก/บาร์โค้ด สถานที่ สถานะ
1. วิทยาศาสตร์การแพทย์ และสุขภาพ
หนังสือสำรอง
สถานะ=หนังสือสำรอง
WM140 ธ343ท ฉ.1 
  Barcode: 030804
ห้องสมุดวิทยาเขตสวรรค์ประชารักษ์
►ส่วนจัดเก็บหนังสือเก่า สปร
บนชั้น
  ขอยืม
2. วิทยาศาสตร์การแพทย์ และสุขภาพ
วิทยาศาสตร์การแพทย์ และสุขภาพ
WM140 ธ343ท ฉ.2 
  Barcode: 030805
ห้องสมุดวิทยาเขตสวรรค์ประชารักษ์
►ส่วนจัดเก็บหนังสือเก่า สปร
บนชั้น
  ขอยืม
3. วิทยาศาสตร์การแพทย์ และสุขภาพ
วิทยาศาสตร์การแพทย์ และสุขภาพ
WM140 ธ343ท ฉ.3 
  Barcode: 030806
ห้องสมุดวิทยาเขตสวรรค์ประชารักษ์
►ส่วนจัดเก็บหนังสือเก่า สปร
บนชั้น
  ขอยืม

BibComment


ยังไม่เคยถูกคอมเมนท์

คอมเมนท์ทรัพยากรรายการนี้
  คอมเมนท์: ทฤษฎีพื้นฐานเกี่ย..


 Copyright 2026. Bcnsprnw @Library